South Eastern Kenya University

Library Online Public Access Catalogue


Metal ions in solution / (Record no. 2121)

MARC details
000 -LEADER
fixed length control field 00368cam a2200121 i 4500
020 ## - ISBN
International Standard Book Number 0470262931 (Halsted) :
Terms of availability £20.00
050 0# - LIBRARY OF CONGRESS CALL NUMBER
Classification Number QD561
Item Number .B953
100 1# - MAIN ENTRY--Author
Personal name Burgess, John,
Dates associated with a name 1936-
245 10 - TITLE
Title Metal ions in solution /
Statement of responsibility, etc by John Burgess.
260 ## - PUBLICATION, DISTRIBUTION, ETC.(IMPRINT)
Place of publication, distribution, etc Chichester :
Name of publisher, distributor, etc Ellis Horwood ;
Place of publication, distribution, etc New York :
Name of publisher, distributor, etc distributed by Halsted Press,
Date of publication, distribution, etc 1978.
300 ## - PHYSICAL DESCRIPTION
Extent 481 p. :
942 ## - ADDED ENTRY ELEMENTS(KOHA)
Koha item type General circulation
Holdings
Source of classification or shelving scheme Not for loan Location (home branch) Sublocation (holding branch) Date accessioned Cost, normal purchase price Full call number Barcode Cost, replacement price Koha item type Public note
Library of Congress Classification   Main Campus Library Main Campus Library 27/08/2014 2024.00 QD561 .B84 2017/020483 2524.00 General circulation jm
Library of Congress Classification   Main Campus Library Main Campus Library 27/08/2014 2024.00 QD561 .B84 2017/020485 2524.00 General circulation jm
Library of Congress Classification   Main Campus Library Main Campus Library 27/08/2014 2024.00 QD561 .B84 2017/020484 2524.00 General circulation jm
Kitui, Kenya.
+254736116989
library@seku.ac.ke